000 00277nam a2200109Ia 4500
008 220204s9999 xx 000 0 und d
082 _a681.326.3
_bBAL
100 _aBaldwin, J N W
245 0 _aMicroprocessors for industry
260 _aLondon
_bButterworths
_c1982
942 _cBK
999 _c38377
_d38377